000 00238nam a2200085Ia 4500
245 0 _aThe Cape journal : Willowmore
100 _a WESTBY-NUNN, Tony Cape Town, 2009
_981796
942 _cBK
008 210817s9999 xx 000 0 und d
999 _c293152
_d293150